• 首页
  • 本馆介绍
  • 公告通知
  • 最新文献
  • 馆藏检索
  • 电子资源
  • 读者导购
  • 参考咨询
  • 我的图书馆
  • 登录
  • 详细信息显示
  • 放入我的书架
  • 预约/预借图书
  • 作者相关作品
  • 分类相关作品
  • 丛书相关作品
  • 出版社相关作品

书目信息

  • 表格格式
  • 工作单格式
  • 卡片格式
题名:
植物保护机械
    
 
作者: 于友松 编
分册:  
出版信息: 天津   天津人民出版社  1978
页数: 86页
开本: 19cm
丛书名:
单 册:
中图分类: S49
科图分类:
主题词: 植保机具
电子资源:
ISBN:
000 00552nam0 2200217 45
001 0178000243
005 20060801090701.90
010    @dCNY0.22
091    @a16072.11
100    @a19950803d1978 em y0chiy0121 ea
101 0  @achi
102    @aCN@b120000
105    @ay z 000yy
200 10 @a植物保护机械@Azhi wu bao hu ji xie@f于友松编@Fyu you song bian
210    @a天津@c天津人民出版社@d1978
215    @a86页@d19cm
606    @a植保机具
690    @aS49@v3
701  0 @a于友松@Ayu you song@4编
801  0 @aCN@bNLC@c20060801
905    @dS49@e1
    
    植物保护机械/于友松编.-天津:天津人民出版社,1978
    86页;19cm
    
    
    ISBN :CNY0.22
    
●
相关链接 在E读中查询图书 在五车中查询图书 在当当中查询图书 在豆瓣中查询图书


正题名:植物保护机械     索取号:S49/1         预约/预借

序号 登录号 条形码 馆藏地/架位号 状态 备注
1 0006958   001964404   第三借阅区/ [索取号:S49/1] 在馆    
2 0006959   202370709   密集书库/ [索取号:S49/1] 在馆    
3 0439265   204392656   密集书库/ [索取号:S49/1] 在馆    
4 0439266   204392665   密集书库/ [索取号:S49/1] 在馆    
5 0439294   204392941   密集书库/ [索取号:S49/1] 在馆    
唐山师范学院图书馆 欢迎您!
大连网信软件有限公司© 版权所有